Protágoras.
Bewaard in:
| Hoofdauteur: | |
|---|---|
| Andere auteurs: | |
| Formaat: | Boek |
| Taal: | Spaans Grieks |
| Gepubliceerd in: |
México, D.F., México:
Universidad Nacional Autónoma de México,
1993.
|
| Editie: | Primera edición. |
| Reeks: | Bibliotheca Scriptorum Graecorum et Romanorum Mexicana.
|
| Onderwerpen: | |
| Tags: |
Voeg label toe
Geen labels, Wees de eerste die dit record labelt!
|
MARC
| LEADER | 00000nam a2200000 a 4500 | ||
|---|---|---|---|
| 001 | UCU4366 | ||
| 003 | CL-VaPUC | ||
| 005 | 20220822114328.0 | ||
| 008 | 960517e19930000MX |||||||||||||||||spa|d | ||
| 999 | |c 248104 |d 248102 | ||
| 020 | |a 968-36-3046-4 | ||
| 040 | |c Pontificia Universidad Católica de Valparaíso | ||
| 041 | 0 | 7 | |a spa |2 CL-VaPUC |
| 041 | 0 | 7 | |a gre |2 CL-VaPUC |
| 082 | 0 | 4 | |a 184 PLA 1994 |2 21 |
| 100 | 0 | |a Platón |e autor |9 222 | |
| 245 | 1 | 0 | |a Protágoras. |
| 250 | |a Primera edición. | ||
| 260 | |a México, D.F., México: |b Universidad Nacional Autónoma de México, |c 1993. | ||
| 300 | |a 67, XLVIII páginas. | ||
| 490 | 0 | |a Bibliotheca Scriptorum Graecorum et Romanorum Mexicana. | |
| 500 | |a c.2 Donación Familia Prof. Alejandro Guzmán Brito. | ||
| 583 | |a last modification |c 19960517 00:00:00 |k Rodrigo Vera | ||
| 650 | 0 | |a Filosofía griega |9 265579 | |
| 650 | 0 | |a Filosofía antigua |9 255705 | |
| 650 | 0 | |a Diálogos |9 257026 | |
| 650 | 0 | |a Platonismo |9 265673 | |
| 700 | |a Schmidt Osmanczik, Ute |9 865619 |e introducción |e versión |e notas | ||
| 942 | |c BK |2 ddc |n 0 | ||
| 945 | |d 19960517 00:00:00 |a rleighto | ||
| 952 | |0 0 |1 0 |2 ddc |4 0 |6 184_000000000000000_PLA_1994 |7 0 |8 A |9 264519 |a BIBEDU |b BIBEDU |d 2019-11-19 |i 3201236 |l 4 |m 2 |o 184 PLA 1994 |p 3201236 |r 2024-05-28 |s 2024-05-22 |w 2019-11-19 |y BK |k FIL | ||